000 00677nam a22002177a 4500
999 _c691
_d691
003 AR-CdUCM
008 190225b ||||| |||| 00| 0 spa d
040 _aMUNICIPALIDAD PROVINCIAL DEL CUSCO
_cBIBLIOTECA MUNICIPAL DEL CUSCO
082 _a869.56 /
_bL59
100 _aLibrería-Editorial Juan Mejía Baca
_92668
245 _aLos Amautas /
260 _aLima :
_bJuan Mejía Baca,
_c1965.
300 _a28 páginas ;
_c21 cm.
440 _aBiblioteca del Perú Vivo
_92669
500 _aEdición limitada no venal.
650 _aPeruanidad
_92670
650 _ahistoriografía peruana
_92671
650 _aAmautas
_92672
942 _2ddc
_cLIBROS
945 _araen
_d2019-02-25